Árboles con potencial para ser incorporados en sistemas agroforestales con café / (Registro nro. 19927)

Detalles MARC
000 -CABECERA
Campo de control 00909nam a22002417a 4500
005 - FECHA Y HORA DE LA ULTIMA TRANSACCION
Campo de control 20191224042339.0
008 - ELEMENTOS DE LONGITUD FIJA—INFORMACION GENERAL
Campo de control 171009t2014 ck ado|fr|||| 00| 0 spa d
040 ## - FUENTE DE CATALOGACIÓN
Agencia catalogadora original CO-BoIAVH
Agencia transcriptora CO-BoIAVH
041 0# - IDIOMA
Código de idioma para texto/pista de sonido o título separado Español
044 ## - PAÍS DE PUBLICACIÓN
País de publicación Colombia
082 04 - NUMERO DE CLASIFICACION DECIMAL DEWEY
Número de clasificación 634.99
Número del ítem F22a
100 1# - ASIENTO PRINCIPAL--NOMBRE PERSONAL
Nombre personal Farfán Valencia , Fernando
Término relacionado autor
9 (RLIN) 20900
245 10 - MENCION DE TITULO
Título Árboles con potencial para ser incorporados en sistemas agroforestales con café /
Mención de responsabilidad Fernando Farfán Valencia
260 ## - PUBLICACION, DISTRIBUCION, ETC. (PIE DE IMPRENTA)
Lugar de publicación, distribución, etc. Manizales :
Nombre del editor, distribuidor, etc. FNC-Cenicafé,
Fecha de publicación, distribución, etc. 2014.
300 ## - DESCRIPCION FISICA
Extensión 87 páginas :
Otros detalles físicos ilustraciones a color, tablas, fotografías a color ;
Dimensiones 24 x 17 cm.
504 ## - NOTA DE BIBLIOGRAFIA, ETC.
Nota de bibliografía Incluye referencias bibliográficas: 80-87 paginas.
650 16 - ASIENTO SECUNDARIO DE MATERIA - TERMINO TEMATICO
Término temático o nombre geográfico como elemento de entrada Sistemas agroforestales
9 (RLIN) 8711
650 26 - ASIENTO SECUNDARIO DE MATERIA - TERMINO TEMATICO
Término temático o nombre geográfico como elemento de entrada Recursos forestales
9 (RLIN) 92984
650 26 - ASIENTO SECUNDARIO DE MATERIA - TERMINO TEMATICO
Término temático o nombre geográfico como elemento de entrada Café
Subdivisión de forma Árboles
9 (RLIN) 86048
650 26 - ASIENTO SECUNDARIO DE MATERIA - TERMINO TEMATICO
Término temático o nombre geográfico como elemento de entrada Explotaciones agrarias
9 (RLIN) 86049
700 1# - ASIENTO SECUNDARIO - NOMBRE PERSONAL
Nombre personal Marín López, Sandra Milena
Término de relación editora
9 (RLIN) 40155
942 ## - ELEMENTOS ADICIONALES (KOHA)
Sistema de clasificación Dewey Decimal Classification
Tipo de ítem Libro
Existencias
Withdrawn status Lost status Sistema de Clasificación Damaged status No para préstamo Colección Inventariado Ubicación Permanente Ubicación actual Fecha de adquisición Fuente de Valor Valor Total Checkouts Número topográfico Inventario / Código de Barras Date last seen Ejemplar Price effective from Forma de adquisición Tipo de material
    Dewey Decimal Classification     General Inventariado 2017 Bogotá Bogotá 09/10/2017 Instituto 39000.00   LB-634.99 F22a 041765 09/10/2017 Ej.1 09/10/2017 Donación Libro